Adobe Photoshop 5: пер. с англ.

Библиографические подробности
Главный автор: Роуз К. Карла
Примечания:Исключено из фонда НТБ ТПУ
Язык:русский
Опубликовано: Москва, Бином, 1999
Серии:Освой самостоятельно за 24 часа
Формат: MixedMaterials Книга
Запись в KOHA:https://koha.lib.tpu.ru/cgi-bin/koha/opac-detail.pl?biblionumber=12206

MARC

LEADER 00000nam0a2200000 4500
001 12206
005 20231030184124.0
010 |a 5798900738 
035 |a (RuTPU)RU\TPU\book\12282 
035 |a BOOK00012348 
090 |a 12206 
100 |a 20011209d1999 km y0rusy50 ca 
101 1 |a rus  |c eng 
102 |a RU 
105 |a y gj 000zy 
200 1 |a Adobe Photoshop 5  |e пер. с англ.  |f К. Роуз 
210 |a Москва  |c Бином  |d 1999 
215 |a 400 с. 
225 1 |a Освой самостоятельно за 24 часа 
333 |a Исключено из фонда НТБ ТПУ 
700 1 |a Роуз  |b К.  |g Карла 
801 0 |a RU  |b 63413507  |c 20011209  |g PSBO 
801 2 |a RU  |b 63413507  |c 20210330  |g PSBO 
942 |c BK